00459nam a22001577a 450000500170000001000130001702000230003003500130005303700240006610000190009024500770010926000280018627000440021430000250025870000180028320220906152940.0 aB-745490 a8187542829c450.00 aB-745490 bPinkCIty Publishers aVarma, Ravi S. aLearn Correct English:b(English-Hindi)/cRavi S. Varma and Sanjay Dutta aJaipurbPink Cityc2021 aRam Bhawam,Chaura RastabJaipure302003 axvi,656p.c21cm(Pbk) aDutta, Sanjay